| 000 | 01522cam a2200325 a 4500 | ||
|---|---|---|---|
| 001 | 1651270 | ||
| 003 | OSt | ||
| 005 | 20160530130859.0 | ||
| 008 | 970108s1997 dcua b 001 0 eng c | ||
| 010 | _a 97002004 | ||
| 020 | _a030905642X | ||
| 040 | _aSEKU | ||
| 043 | _an-us--- | ||
| 050 | 0 | 0 |
_aRC 480.5 _b.M3 |
| 060 | 1 | 0 | _aWM 30 M2666 1997 |
| 082 | 0 | 0 |
_a362.2/0973 _221 |
| 100 | _aEdmunds, Margaret. ...[et al.] | ||
| 245 | 0 | 0 |
_aManaging managed care : _bquality improvements in behavioral health / _cMargaret Edmunds ... [et al.], editors ; Committee on Quality Assurance and Accreditation Guidelines for Managed Behavioral Health Care, Division of Neuroscience and Behavioral Health [and] Division of Health Care Services, Institute of Medicine. |
| 260 |
_aWashington, D.C. : _bNational Academy Press, _c1997. |
||
| 300 |
_axxi, 370 p. : _bill. ; _c24 cm. |
||
| 504 | _aIncludes bibliographical references and index. | ||
| 650 | 0 |
_aManaged mental health care _zUnited States _xQuality control. |
|
| 650 | 0 |
_aManaged mental health care _xAccreditation _zUnited States. |
|
| 650 | 1 | 2 |
_aMental Health Services _xorganization & administration _zUnited States. |
| 650 | 2 | 2 |
_aManaged Care Programs _xorganization & administration _zUnited States. |
| 650 | 2 | 2 |
_aQuality Assurance, Health Care _xstandards _zUnited States. |
| 700 | 1 | _aEdmunds, Margaret. | |
| 710 | 2 |
_aInstitute of Medicine (U.S.). _bCommittee on Quality Assurance and Accreditation Guidelines for Managed Behavioral Health Care. |
|
| 942 |
_2lcc _cGEN |
||
| 999 |
_c14853 _d14853 |
||